书目信息 |
| 题名: |
河南导游
|
|
| 作者: | 刘东方 , 马见盈 主编 | |
| 分册: | ||
| 出版信息: | 北京 五洲传播出版社 2002.06 |
|
| 页数: | 554页 | |
| 开本: | 19cm | |
| 丛书名: | ||
| 单 册: | ||
| 中图分类: | K928.961 | |
| 科图分类: | ||
| 主题词: | 地理--中国 | |
| 电子资源: | ||
| ISBN: | 7-80113-974-7 | |
| 000 | 00577nam0 2200193 45 | |
| 001 | 0328506168 | |
| 005 | 2003050607550616 | |
| 010 | @a7-80113-974-7@dRMB 38.00 | |
| 100 | @a20030506d2002 km y0chiy0120 ea | |
| 101 | 0 | @achi |
| 200 | 1 | @a河南导游@Ahe nan dao you@f刘东方,马见盈主编@Fliu dong fang,ma jian ying zhu bian |
| 210 | @a北京@c五洲传播出版社@d2002.06 | |
| 215 | @a554页@d19cm | |
| 606 | 0 | @a地理@x中国 |
| 690 | @aK928.961@v4 | |
| 701 | 0 | @a刘东方@Aliu dong fang@4主编 |
| 701 | 0 | @a马见盈@Ama jian ying@4主编 |
| 801 | 0 | @aCN@bPFT@c20030506 |
| 905 | @a10447@dK928.961@eL600 | |
| 河南导游/刘东方,马见盈主编.-北京:五洲传播出版社,2002.06 |
| 554页;19cm |
| ISBN 7-80113-974-7:RMB 38.00 |
| ● |
| 相关链接 |
|
|
|
正题名:河南导游
索取号:K928.961/L600
 
预约/预借
| 序号 | 登录号 | 条形码 | 馆藏地/架位号 | 状态 | 备注 |
| 1 | 366909 | 203669093 | 社科库309/309社科库 23排4列2层/ [索取号:K928.961/L600] | 在馆 | |
| 2 | 366910 | 203669100 | 社科库309/309社科库 23排4列2层/ [索取号:K928.961/L600] | 在馆 |